000 00727nam a2200265 i 4500
001 C2-0218660
003 PPAK
005 20180728111022.0
008 990803s1994 my a|||| ||||| | may d
020 _a9676528846
040 _aPPAK
_beng
_cPPAK
_erda
082 0 4 _a499.2386
_2 23
090 0 0 _a499.2386
_bRAB
_dK
100 1 _aRabe, Tish,
_eauthor
245 1 0 _aNama saya grover
264 1 _aKuala Lumpur :
_bFajar Bakti ,
_c1994
300 _a[23 pages] :
_bcolour illustrations ;
_c15 cm
336 _2rdacontent
_atext
337 _2rdamedia
_aunmediated
338 _2rdacarrier
_avolume
490 1 _aSiri Taman Sesame
650 1 0 _aBahasa Melayu - Readers
830 0 _aSiri Taman Sesame
942 _ddc
_cB
999 _c161453
_d161453